|
|
|
|
| LEADER |
00000nam0a2200000 4500 |
| 001 |
107033 |
| 005 |
20231031115122.0 |
| 010 |
|
|
|a 5060001113
|
| 020 |
|
|
|a RU
|
| 035 |
|
|
|a (RuTPU)RU\TPU\book\115573
|
| 090 |
|
|
|a 107033
|
| 100 |
|
|
|a 20061216d1989 m y0rusy5003 ca
|
| 101 |
0 |
|
|a rus
|
| 102 |
|
|
|a RU
|
| 105 |
|
|
|a y j 000zy
|
| 200 |
1 |
|
|a Финансы энергетики
|e учебное пособие для вузов
|f Е. М. Шабалин
|
| 205 |
|
|
|a 2-е изд., перераб. и доп.
|
| 210 |
|
|
|a Москва
|c Высш. шк.
|d 1989
|
| 215 |
|
|
|a 239,[1] с.
|
| 610 |
1 |
|
|a энергетические предприятия
|
| 610 |
1 |
|
|a экономика
|
| 610 |
1 |
|
|a финансы
|
| 610 |
1 |
|
|a планирование
|
| 610 |
1 |
|
|a управление
|
| 610 |
1 |
|
|a денежные накопления
|
| 610 |
1 |
|
|a рентабельность
|
| 610 |
1 |
|
|a основные фонды
|
| 610 |
1 |
|
|a капитальные вложения
|
| 610 |
1 |
|
|a оборотные средства
|
| 610 |
1 |
|
|a денежные расчеты
|
| 610 |
1 |
|
|a финансовое планирование
|
| 610 |
1 |
|
|a учебные пособия
|
| 675 |
|
|
|a 620.9:658.(075.8)
|z rus
|
| 700 |
|
1 |
|a Шабалин
|b Е. М.
|g Евгений Михайлович
|4 070
|
| 801 |
|
0 |
|a RU
|b RuMRKP
|c 19950417
|g psbo
|
| 801 |
|
1 |
|a RU
|b 63413507
|c 20061216
|g PSBO
|
| 801 |
|
2 |
|a RU
|b 63413507
|c 20191108
|g PSBO
|
| 942 |
|
|
|c BK
|